000 00748nam a2200229 a 4500
999 _c11804
_d11804
001 11804
003 BD-JhCC
005 20220228134022.0
008 171108s2019 bg |||| |||| 000 0 ben d
020 _a9789846342161
035 _a(BD-JhCC)11804
040 _aBD-JhCC
_dBD-JhCC
041 _aben
082 _a891.44
_bCHO 2019
100 _aচৌধুরী, খসরু
245 _aপৃথিবীর সেরা সায়েন্স ফিকশান গল্প /
_cখসরু চৌধুরী ।
260 _aঢাকা :
_bপাঞ্জেরী পাবলিকেশন;
_c২০১৯.
300 _a144 p. :
_c20 cm.
650 _aCollection of science fiction
942 _2ddc
_cBK
_02